| 000 | 00605nam a2200217Ia 4500 | ||
|---|---|---|---|
| 001 | 12022 | ||
| 003 | GE_BSU | ||
| 008 | 181216s||||||||xx |||||||||||||| ||und|| | ||
| 020 | _a9781402767159 | ||
| 040 | _cGE_BSU | ||
| 080 | _a581.6(479.22) | ||
| 100 | _aElias, Thomas S. Peter A. Dykeman | ||
| 245 | _aEdible Wild Plants: A North American Field Guide to Over 200 Natural Foods | ||
| 260 | _aNew York | ||
| 260 | _bSterling | ||
| 260 | _c2009 | ||
| 300 | _a286p.ill.21cm. | ||
| 541 | _h42Gel. | ||
| 653 | _aEdible Wild Plants: A North American Field Guide to Over 200 Natural Foods | ||
| 942 | _cBK | ||
| 999 |
_c45199 _d45199 |
||